000 00497nam a2200169Ia 4500
005 20250508155542.0
008 008 250505s9999 xx 000 0 eng d
037 _aBooks to be hide in OPAC
040 _aFEDL
_beng
_cFEDL
041 _aeng
_2eng
084 _a379.5416, ASS
_qFEDL
100 _aRoberts D E
_9767104
245 0 _aGeneral report on public instruction in Assam for the year 1932-33
260 _c1933
942 _cHB
_h379.5416, ASS
999 _c1357687
_d1357687